| 000 | 01000nam a22002657a 4500 | ||
|---|---|---|---|
| 003 | DO-SdBPM | ||
| 005 | 20250306115721.0 | ||
| 008 | 210426b2009 ch 00| 0 spa d | ||
| 020 | _a9787802006454 | ||
| 040 |
_aDO-SdBPM _bspa _cBPMSU _erda |
||
| 082 | 4 |
_a495.11 _bC574m 2009 _222 |
|
| 092 | _a | ||
| 245 | 0 | 0 |
_aCinco milenios de caracteres chinos / _cLiu Junwei... [y otros] |
| 260 |
_aRepública Popular, China : _bSonolingua, _c2009 _b |
||
| 300 |
_a183 p. : _c25 cm. |
||
| 500 | 0 |
_aMaravilla de la humanidad -- Cielo elevado, rio largo-- Luminosos rayos del sol -- espíritu de la nacionalidad China -- El sentimiento hecho tinta -- Tesoro bajo cielo -- Renacimiento desde la cenizas -- Eterna fragancia. _3 |
|
| 590 | _aInventariado, 2025/VM | ||
| 650 | 4 |
_aChino _xAlfabeto. |
|
| 650 | 4 |
_a Chino _xEscritura _v |
|
| 650 | 4 |
_aChino _xAlfabeto _xAspectos sociales. |
|
| 650 | 4 |
_aChino _xHistoria. |
|
| 700 | 1 |
_3Liu, Junwei _e |
|
| 910 | _aVMateo V. Control de calidad. BPMSU | ||
| 942 |
_2ddc _cBK |
||
| 999 |
_c14982 _d14982 |
||